|
|
|
|
| LEADER |
00000nam a2200000 a 4500 |
| 001 |
vtls001403810 |
| 003 |
SK-MaSNL |
| 005 |
20260302001229.0 |
| 008 |
160830s2000 xo ap r 10000 slo |
| 015 |
|
|
|a SNBA2001/03-00717
|
| 020 |
|
|
|a 8070996013
|q (brož.)
|
| 035 |
|
|
|a SNK000358365
|
| 040 |
|
|
|a SNK
|b slo
|c SNK
|e AACR2
|
| 041 |
0 |
|
|a slo
|a cze
|b eng
|
| 044 |
|
|
|a xo
|c SK
|
| 072 |
|
7 |
|a 69
|x Stavebníctvo
|2 konspekt
|
| 080 |
|
|
|a 69:658.562(082)=854=850
|2 1981
|
| 080 |
|
|
|a 658.562:69(082)=854=850
|2 1981
|
| 111 |
2 |
|
|a Kvalita v stavebníctve
|d (2000 :
|c Štrhbské Pleso, Slovensko)
|4 aut
|9 636847
|
| 245 |
1 |
0 |
|a Kvalita v stavebníctve
|b vedecko-technická konferencia s medzinárodnou účasťou 05.-06.10. 2000 Štrbské Pleso, Hotel Patria : zborník prednášok
|c kol. aut.
|
| 260 |
|
|
|a V Košiciach
|b Technická univerzita
|c 2000
|
| 300 |
|
|
|a 282 s.
|b grafy, sch., tab.
|c 21 cm
|
| 366 |
|
|
|e 130 výtl.
|
| 504 |
|
|
|a Bibliogr. odkazy.
|
| 546 |
|
|
|a Čiast. text čes. Res. angl.
|
| 650 |
0 |
7 |
|a stavebníctvo
|2 SNKPH
|9 726
|
| 650 |
0 |
7 |
|a kvalita
|2 SNKPH
|9 1150
|
| 655 |
|
7 |
|a zborníky konferencií
|2 SNKPH
|9 70153
|
| 752 |
|
|
|a Slovensko
|d Košice
|
| 919 |
|
|
|a 80-7099-601-3
|
| 958 |
|
|
|a OND
|
| 958 |
|
|
|a TL
|
| 958 |
|
|
|a NB
|
| 999 |
|
|
|c 983045
|d 984975
|
| 952 |
|
|
|t P60, <03>, [BOOK], {603}
|a SNK
|b SNK
|y PREZ
|7 0
|p 17A0261964
|o snkSC 103500
|i snkKSP 69/2001
|0 0
|1 0
|4 0
|d 2001-01-03
|l 0
|r 2025-09-24 00:00:00
|w 2026-02-24
|
| 952 |
|
|
|t P60, <04>, [BOOK], {604}
|a SNK
|b SNK
|y VYP
|7 0
|p 17A0261965
|o snkSC 103500 D1
|i snkKSP 70/2001
|0 0
|1 0
|4 0
|d 2001-01-03
|l 0
|r 2005-01-02 00:00:00
|w 2026-02-24
|